[Event "DVM U14w 2018"]
[Site "Neumünster GER"]
[Date "2018.12.28"]
[Round "3"]
[White "Buchholz, Maja"]
[Black "Gehrke, Gina Celina"]
[Result "0-1"]
[Termination "normal"]
[Board "4.1"]
[WhiteElo "1517"]
[BlackElo "1366"]
[WhiteTeam "SV 1920 Hofheim"]
[BlackTeam "SC Weisse Dame"]
[PlyCount "136"]
[WhiteFideId "16200500"]
[BlackFideId "16205979"]
[EventCountry "GER"]
[EventRounds "7"]
[EventType "team-swiss"]
[EventDate "2018.12.26"]

1. c4 e5 2. Nc3 Nc6 3. g3 Nf6 4. Bg2 Bc5 5. d3 h6 6. Nf3 d6 7. a3 a6 8. b4 Ba7
9. Bb2 Be6 10. O-O Qd7 11. Re1 O-O 12. Rc1 Ne7 13. Qd2 Rad8 14. Red1 c6 15. Rc2
Ng6 16. e3 d5 17. cxd5 cxd5 18. Rdc1 Rc8 19. Ne2 Bb8 20. Rc3 Rxc3 21. Nxc3 Rc8
22. Qd1 Rc6 23. Na4 Rxc1 24. Bxc1 Ba7 25. Bb2 Bg4 26. Qc2 Bxf3 27. Bxf3 b5 28.
Nc3 Qc7 29. Qb3 d4 30. exd4 Bxd4 31. Ne4 Nxe4 32. Bxe4 Ne7 33. Bxd4 exd4 34.
Kg2 Qc3 35. Qxc3 dxc3 36. d4 f5 37. Bd3 Kf7 38. Kf3 Ke6 39. Ke3 Nd5+ 40. Ke2
Ne7 41. Bc2 g5 42. Kd3 Nd5 43. Bb3 g4 44. Bxd5+ Kxd5 45. Kxc3 Ke4 46. d5 Kxd5
47. Kd3 h5 48. Kd2 Kd4 49. Ke2 Kc3 50. Ke3 Kb3 51. Kd3 Kxa3 52. Kc3 Ka4 53. Kd4
Kxb4 54. Ke5 Kc5 55. Kxf5 b4 56. Kg5 b3 57. Kxh5 b2 58. Kxg4 b1=Q 59. f4 Qg6+
60. Kf3 a5 61. Ke3 a4 62. Kf3 a3 63. h3 a2 64. g4 a1=Q 65. f5 Qg5 66. h4 Qxh4
67. Kf4 Qd4+ 68. Kf3 Qhf2# 0-1

[Event "DVM U14w 2018"]
[Site "Neumünster GER"]
[Date "2018.12.28"]
[Round "3"]
[White "Biesdorf, Ina"]
[Black "Fayngold, Sophie Olivia"]
[Result "0-1"]
[Termination "normal"]
[Board "4.3"]
[WhiteElo "1325"]
[BlackElo "1378"]
[WhiteTeam "SV 1920 Hofheim"]
[BlackTeam "SC Weisse Dame"]
[PlyCount "110"]
[WhiteFideId "16275322"]
[BlackFideId "16244761"]
[EventCountry "GER"]
[EventRounds "7"]
[EventType "team-swiss"]
[EventDate "2018.12.26"]

1. d4 d5 2. Bf4 c5 3. dxc5 Qa5+ 4. Nc3 e6 5. Bd2 Bxc5 6. e3 Qc7 7. Nf3 Nc6 8.
Bd3 Nf6 9. Nb5 Qb6 10. Bc3 a6 11. Nbd4 Bb4 12. Qd2 Nxd4 13. Nxd4 Bxc3 14. Qxc3
O-O 15. O-O Re8 16. Nf3 Qd6 17. Rad1 e5 18. e4 Bg4 19. Bc4 Nxe4 20. Qb3 dxc4
21. Qxc4 Qg6 22. Qd3 Bxf3 23. Qxf3 Ng5 24. Qg3 h5 25. Kh1 Qf6 26. f4 Ne4 27.
Qd3 exf4 28. g3 h4 29. Kg2 hxg3 30. Rf3 gxh2 31. Kxh2 Ng5 32. Rff1 Re3 33. Qxe3
fxe3 34. Rxf6 gxf6 35. Rg1 e2 36. Kg2 Re8 37. Kf2 Kf8 38. Re1 Ne4+ 39. Ke3 Nd2+
40. Kf2 Nc4 41. b3 Na3 42. c4 Nc2 43. Rxe2 Rxe2+ 44. Kxe2 Ke7 45. Kf3 b6 46.
Kf4 Ke6 47. Kf3 Ke5 48. Kf2 Kf4 49. a4 f5 50. Ke2 Kg3 51. Kf1 f4 52. a5 f6 53.
Ke2 Kg2 54. Kd2 f3 55. Kd1 f2 0-1

[Event "DVM U14w 2018"]
[Site "Neumünster GER"]
[Date "2018.12.28"]
[Round "3"]
[White "Falke, Ornella"]
[Black "Krömer, Paulina"]
[Result "0-1"]
[Termination "normal"]
[Board "5.1"]
[WhiteElo "1509"]
[BlackElo "1525"]
[WhiteTeam "Elmshorner SC"]
[BlackTeam "SG Blau-Weiß Stadtilm"]
[PlyCount "66"]
[WhiteFideId "16207092"]
[BlackFideId "16212363"]
[EventCountry "GER"]
[EventRounds "7"]
[EventType "team-swiss"]
[EventDate "2018.12.26"]

1. e4 c5 2. Nf3 Nc6 3. d4 cxd4 4. Nxd4 e6 5. Nb5 d6 6. c4 a6 7. N5c3 Nf6 8. f3
Be7 9. Be3 O-O 10. Be2 Bd7 11. O-O Ne5 12. Qb3 Bc6 13. Rd1 Qc8 14. Na3 Nfd7 15.
Na4 Nc5 16. Nxc5 dxc5 17. f4 Ng6 18. e5 Qc7 19. Rd3 Rad8 20. Rad1 Rxd3 21. Rxd3
f6 22. exf6 Nxf4 23. Bxf4 Qxf4 24. Qd1 Bxf6 25. Bf3 Bd4+ 26. Kh1 Be4 27. Rb3 g5
28. h3 Be5 29. Qg1 Rd8 30. Be2 Rd2 31. Re3 Bd4 32. Rxe4 Qxe4 33. Qc1 Qxe2 0-1

[Event "DVM U14w 2018"]
[Site "Neumünster GER"]
[Date "2018.12.28"]
[Round "3"]
[White "Schmidt, Pauline"]
[Black "Bräutigam, Katerina"]
[Result "1-0"]
[Termination "normal"]
[Board "5.2"]
[WhiteElo "1504"]
[BlackElo "1546"]
[WhiteTeam "SG Blau-Weiß Stadtilm"]
[BlackTeam "Elmshorner SC"]
[PlyCount "55"]
[WhiteFideId "16209850"]
[BlackFideId "16242980"]
[EventCountry "GER"]
[EventRounds "7"]
[EventType "team-swiss"]
[EventDate "2018.12.26"]

1. e4 c6 2. d4 d5 3. e5 Bf5 4. Nf3 e6 5. Be2 Nd7 6. O-O Ne7 7. a4 Qc7 8. Na3 h6
9. c4 g5 10. cxd5 exd5 11. Re1 O-O-O 12. b4 f6 13. Bb2 Bg7 14. b5 Kb8 15. bxc6
Nxc6 16. Nb5 Qb6 17. Bc3 Ne7 18. a5 Qe6 19. exf6 Qxf6 20. Qb3 g4 21. Ne5 Nxe5
22. dxe5 Qc6 23. Rec1 Nc8 24. Nd4 Qg6 25. Nxf5 Qxf5 26. Ba6 Rd7 27. Rab1 Nb6
28. axb6 1-0

[Event "DVM U14w 2018"]
[Site "Neumünster GER"]
[Date "2018.12.28"]
[Round "3"]
[White "Margaryan, Susanna"]
[Black "Pflugradt, Natalie"]
[Result "1/2-1/2"]
[Termination "normal"]
[Board "5.3"]
[WhiteElo "960"]
[BlackElo "1472"]
[WhiteTeam "Elmshorner SC"]
[BlackTeam "SG Blau-Weiß Stadtilm"]
[PlyCount "65"]
[WhiteFideId "16268210"]
[BlackFideId "16212444"]
[EventCountry "GER"]
[EventRounds "7"]
[EventType "team-swiss"]
[EventDate "2018.12.26"]

1. d4 Nf6 2. Nc3 e6 3. Bg5 Be7 4. e4 d6 5. Nf3 Nfd7 6. Bxe7 Qxe7 7. Bd3 Nf8 8.
O-O Ng6 9. Qd2 Nd7 10. Rfe1 Nh4 11. Nxh4 Qxh4 12. Re3 Qd8 13. Rd1 b6 14. Bb5
Bb7 15. h3 a6 16. Bd3 O-O 17. Rg3 Kh8 18. Qf4 e5 19. Qg4 Rg8 20. d5 Qe7 21. Ne2
Nc5 22. b3 Bc8 23. Qg5 Qxg5 24. Rxg5 f6 25. Rg3 Nxd3 26. Rdxd3 Bd7 27. a4 f5
28. exf5 Bxf5 29. Rc3 Rac8 30. Nc1 Be4 31. f3 Bxd5 32. Kf2 Rgf8 33. Ke3 1/2-1/2

[Event "DVM U14w 2018"]
[Site "Neumünster GER"]
[Date "2018.12.28"]
[Round "3"]
[White "Becker, Linda"]
[Black "Neumann, Konstantina"]
[Result "1-0"]
[Termination "normal"]
[Board "6.1"]
[WhiteElo "1436"]
[BlackElo "1498"]
[WhiteTeam "SG Porz"]
[BlackTeam "Gütersloher SV"]
[PlyCount "81"]
[WhiteFideId "16244753"]
[BlackFideId "16200543"]
[EventCountry "GER"]
[EventRounds "7"]
[EventType "team-swiss"]
[EventDate "2018.12.26"]

1. e4 e5 2. Nf3 Nc6 3. d4 exd4 4. Nxd4 d5 5. Bb5 Qd6 6. exd5 Qxd5 7. Nxc6 Qe6+
8. Qe2 Qxe2+ 9. Kxe2 a6 10. Nd4+ axb5 11. Nxb5 Kd7 12. Bf4 c6 13. Rd1+ Ke7 14.
Bd6+ Kf6 15. Bxf8 cxb5 16. Nc3 Be6 17. Bc5 Ne7 18. f3 Rhe8 19. Kf2 Rac8 20.
Bd4+ Kg6 21. h3 Nf5 22. g4 Nd6 23. h4 h6 24. b3 f5 25. g5 h5 26. Rd2 f4 27. Ne2
Kh7 28. Nxf4 Bf7 29. Bxg7 Nf5 30. Bf6 Nxh4 31. Rh1 Nf5 32. Nxh5 Bxh5 33. Rxh5+
Kg6 34. Rh1 Rc5 35. b4 Rc7 36. c3 Re3 37. Rh6+ Nxh6 38. Kxe3 Ng8 39. Be5 Rc4
40. Rd7 Kxg5 41. Rxb7 1-0

[Event "DVM U14w 2018"]
[Site "Neumünster GER"]
[Date "2018.12.28"]
[Round "3"]
[White "Klahold, Rona"]
[Black "Sinner, Joselyne"]
[Result "1-0"]
[Termination "normal"]
[Board "6.2"]
[WhiteElo "1355"]
[BlackElo "1518"]
[WhiteTeam "Gütersloher SV"]
[BlackTeam "SG Porz"]
[PlyCount "75"]
[WhiteFideId "16222970"]
[BlackFideId "16210387"]
[EventCountry "GER"]
[EventRounds "7"]
[EventType "team-swiss"]
[EventDate "2018.12.26"]

1. e4 e5 2. Nf3 Nc6 3. Bc4 Nf6 4. Ng5 d5 5. exd5 Nd4 6. Nc3 h6 7. Nge4 Bf5 8.
d3 Bb4 9. Nxf6+ Qxf6 10. Be3 Qg6 11. Qd2 Qxg2 12. O-O-O Nf3 13. Qe2 Bg4 14.
Bb5+ Kf8 15. Qf1 Bh3 16. Qe2 Nd4 17. Bxd4 exd4 18. Rdg1 Bg4 19. Rxg2 Bxe2 20.
Nxe2 Bc5 21. Rg4 Rd8 22. Bc4 a6 23. Nxd4 Re8 24. Rf1 h5 25. Rf4 Bxd4 26. Rxd4
Rd8 27. Re4 g6 28. Rfe1 Kg7 29. Re7 Rc8 30. d6 cxd6 31. Rxf7+ Kh6 32. Rxb7 Rhf8
33. Re2 Rc6 34. Ra7 Rd8 35. Bxa6 Rb6 36. Ree7 Rf8 37. h4 g5 38. Re6+ 1-0

[Event "DVM U14w 2018"]
[Site "Neumünster GER"]
[Date "2018.12.28"]
[Round "3"]
[White "Ramien, Hannah"]
[Black "Engels, Marlene"]
[Result "1-0"]
[Termination "normal"]
[Board "6.3"]
[WhiteElo "1280"]
[BlackElo "1121"]
[WhiteTeam "SG Porz"]
[BlackTeam "Gütersloher SV"]
[PlyCount "73"]
[WhiteFideId "16209982"]
[BlackFideId "16222962"]
[EventCountry "GER"]
[EventRounds "7"]
[EventType "team-swiss"]
[EventDate "2018.12.26"]

1. e4 e5 2. Nf3 Nc6 3. Bc4 Bc5 4. c3 Nf6 5. d3 h6 6. O-O d6 7. Re1 O-O 8. Nbd2
Bg4 9. h3 Be6 10. Bb3 a6 11. Nf1 d5 12. exd5 Nxd5 13. Nxe5 Nxe5 14. Rxe5 Re8
15. Qf3 Bd6 16. Re1 c6 17. d4 Nf6 18. Ng3 Bd5 19. Rxe8+ Qxe8 20. Bxd5 Nxd5 21.
Ne4 Bc7 22. Qg4 Kf8 23. Bd2 Rd8 24. c4 Nf6 25. Nxf6 gxf6 26. Bxh6+ Ke7 27. Re1+
Kd6 28. Rxe8 Rxe8 29. Bf4+ Ke7 30. Bxc7 Kf8 31. Bd6+ Re7 32. Qc8+ Kg7 33. Bxe7
Kg6 34. Qg4+ Kh7 35. Bxf6 Kh6 36. Qg5+ Kh7 37. Qg7# 1-0

[Event "DVM U14w 2018"]
[Site "Neumünster GER"]
[Date "2018.12.28"]
[Round "3"]
[White "Neumann, Helena"]
[Black "Popovidou, Laura"]
[Result "0-1"]
[Termination "normal"]
[Board "6.4"]
[WhiteElo "999"]
[BlackElo "980"]
[WhiteTeam "Gütersloher SV"]
[BlackTeam "SG Porz"]
[PlyCount "108"]
[WhiteFideId "16275365"]
[BlackFideId "16255836"]
[EventCountry "GER"]
[EventRounds "7"]
[EventType "team-swiss"]
[EventDate "2018.12.26"]

1. e4 e5 2. Nf3 Nc6 3. Bc4 Bc5 4. c3 Nf6 5. d3 d6 6. Nbd2 Be6 7. Bb3 O-O 8. Nf1
Ng4 9. d4 Bxb3 10. axb3 exd4 11. cxd4 Bb4+ 12. Bd2 Bxd2+ 13. Qxd2 Re8 14. Ng3
d5 15. Qf4 Nf6 16. e5 Nb4 17. O-O Nd7 18. Nh5 h6 19. Rfe1 Nc2 20. Rac1 Nxe1 21.
Rxe1 Nf8 22. Rc1 c6 23. b4 Rc8 24. Nh4 Ng6 25. Nxg6 fxg6 26. Ng3 Qb6 27. Qg4
Kh7 28. h4 Qd8 29. h5 Qg5 30. hxg6+ Kxg6 31. Qd1 Rf8 32. Qc2+ Kf7 33. Nf5 Ke6
34. Ng3 Rf4 35. Rd1 h5 36. Qc5 Rd8 37. Qc1 Qg4 38. Qc2 Rxd4 39. Re1 Rxb4 40.
Nf1 Rf8 41. Qc5 Qf4 42. Qd6+ Kf7 43. e6+ Kg8 44. Qd7 Qxf2+ 45. Kh2 Qxe1 46. e7
Rh4+ 47. Qh3 Rxh3+ 48. gxh3 Qf2+ 49. Kh1 Qxf1+ 50. Kh2 Rf2+ 51. Kg3 Qg2+ 52.
Kh4 Rf4+ 53. Kxh5 Rf5+ 54. Kh4 Qg5# 0-1

[Event "DVM U14w 2018"]
[Site "Neumünster GER"]
[Date "2018.12.28"]
[Round "3"]
[White "Schneider, Katharina"]
[Black "Foos, Vanessa"]
[Result "1-0"]
[Termination "normal"]
[Board "7.2"]
[WhiteElo "1731"]
[BlackElo "1177"]
[WhiteTeam "SF Sasbach"]
[BlackTeam "TuRa Harksheide Norderstedt 1"]
[PlyCount "65"]
[WhiteFideId "16200519"]
[BlackFideId "16245270"]
[EventCountry "GER"]
[EventRounds "7"]
[EventType "team-swiss"]
[EventDate "2018.12.26"]

1. e4 Nf6 2. Nc3 d6 3. d4 g6 4. f3 Bg7 5. Be3 O-O 6. Qd2 e5 7. O-O-O exd4 8.
Bxd4 Nc6 9. Be3 Be6 10. g4 a6 11. h4 b5 12. Nd5 a5 13. h5 b4 14. hxg6 fxg6 15.
Bh6 Rf7 16. Bc4 Ne5 17. Bxg7 Nxc4 18. Bxf6 Rxf6 19. Nxf6+ Qxf6 20. Qd4 Qf4+ 21.
Kb1 a4 22. e5 Qf7 23. exd6 cxd6 24. b3 axb3 25. cxb3 Ne5 26. Qxb4 Nxf3 27. Qe4
Rf8 28. Nxf3 Bxb3 29. axb3 Qxb3+ 30. Kc1 Rc8+ 31. Kd2 Qb2+ 32. Ke1 Qb5 33. Qe6+
1-0

[Event "DVM U14w 2018"]
[Site "Neumünster GER"]
[Date "2018.12.28"]
[Round "3"]
[White "Rößl, Sara"]
[Black "Schneider, Anna"]
[Result "0-1"]
[Termination "normal"]
[Board "7.3"]
[WhiteElo "908"]
[BlackElo "1475"]
[WhiteTeam "TuRa Harksheide Norderstedt 1"]
[BlackTeam "SF Sasbach"]
[PlyCount "88"]
[WhiteFideId "16255828"]
[BlackFideId "16200527"]
[EventCountry "GER"]
[EventRounds "7"]
[EventType "team-swiss"]
[EventDate "2018.12.26"]

1. e4 e5 2. Nf3 Nc6 3. Bc4 Bc5 4. c3 Nf6 5. d4 exd4 6. cxd4 Bb4+ 7. Bd2 Bxd2+
8. Nbxd2 d5 9. exd5 Nxd5 10. Qb3 Nce7 11. O-O O-O 12. Rfe1 c6 13. Ne4 Qb6 14.
Qd3 a6 15. a4 Be6 16. a5 Qc7 17. Nc5 Bf5 18. Qb3 b6 19. axb6 Nxb6 20. Nxa6 Qd6
21. Re5 Be6 22. Rae1 Ned5 23. Bxd5 Nxd5 24. Nc5 Rae8 25. Ne4 Qd7 26. Nc5 Qd6
27. Qd3 Re7 28. Qe4 Rfe8 29. h4 Nf6 30. Qe3 Ng4 31. Qe4 Nxe5 32. Nxe5 Bd5 33.
Qg4 Rxe5 34. dxe5 Qxc5 35. b4 Qc3 36. Qd7 Qxe1+ 37. Kh2 Qxe5+ 38. Kg1 Qe4 39.
Qh3 Qe1+ 40. Kh2 Qxf2 41. h5 Re2 42. Kh1 Bxg2+ 43. Kh2 Bf3+ 44. Qg2 Qxg2# 0-1

[Event "DVM U14w 2018"]
[Site "Neumünster GER"]
[Date "2018.12.28"]
[Round "3"]
[White "Eisele, Lea Carolin"]
[Black "Chen, Michelle"]
[Result "1-0"]
[Termination "normal"]
[Board "7.4"]
[WhiteElo "930"]
[BlackElo "799"]
[WhiteTeam "SF Sasbach"]
[BlackTeam "TuRa Harksheide Norderstedt 1"]
[PlyCount "27"]
[WhiteFideId "16255780"]
[BlackFideId "16275403"]
[EventCountry "GER"]
[EventRounds "7"]
[EventType "team-swiss"]
[EventDate "2018.12.26"]

1. e4 e6 2. Nf3 d5 3. Nc3 Nf6 4. d3 Be7 5. Be2 O-O 6. Qd2 Nc6 7. Qg5 g6 8. e5
Nd7 9. Qh6 d4 10. Ng5 Bxg5 11. Bxg5 Qe8 12. Nb5 Ndxe5 13. Bf6 Qe7 14. Qg7# 1-0

[Event "DVM U14w 2018"]
[Site "Neumünster GER"]
[Date "2018.12.28"]
[Round "3"]
[White "Chung, Dana"]
[Black "Orlova, Anna-Daria"]
[Result "1-0"]
[Termination "normal"]
[Board "8.3"]
[WhiteElo "1315"]
[BlackElo "859"]
[WhiteTeam "Karlsruher SF"]
[BlackTeam "SF Gerresheim"]
[PlyCount "87"]
[WhiteFideId "16235290"]
[BlackFideId "16275381"]
[EventCountry "GER"]
[EventRounds "7"]
[EventType "team-swiss"]
[EventDate "2018.12.26"]

1. Nf3 d5 2. d4 Nc6 3. c4 e6 4. Nc3 Bb4 5. cxd5 exd5 6. Bf4 Nf6 7. Qb3 b6 8. e3
a6 9. a3 Ba5 10. Bd3 Qe7 11. Qc2 Bxc3+ 12. Qxc3 Bg4 13. Qxc6+ Qd7 14. Qxa8+ Qd8
15. Qxd8+ Kxd8 16. Bxa6 Ke8 17. Rc1 Rf8 18. Bxc7 Kd7 19. Bxb6 Rb8 20. Ne5+ Ke8
21. Bb5+ Kf8 22. Bc5+ Kg8 23. Be7 Be6 24. a4 Ra8 25. O-O Kh8 26. Bxf6 gxf6 27.
Nc6 Rg8 28. Ne7 Rf8 29. f4 Bg4 30. h3 Bh5 31. g4 Bg6 32. f5 Rd8 33. Rc8 Rxc8
34. Nxc8 Kg8 35. fxg6 fxg6 36. a5 Kg7 37. a6 Kg8 38. Rxf6 Kg7 39. g5 Kg8 40. a7
Kh8 41. a8=Q Kg7 42. Qb7+ Kg8 43. Qf7+ Kh8 44. Qf8# 1-0

[Event "DVM U14w 2018"]
[Site "Neumünster GER"]
[Date "2018.12.28"]
[Round "3"]
[White "Niesch, Sarah"]
[Black "Kopylov, Diana"]
[Result "1-0"]
[Termination "normal"]
[Board "9.1"]
[WhiteElo "1084"]
[BlackElo "765"]
[WhiteTeam "SC Leipzig Lindenau"]
[BlackTeam "TuRa Harksheide Norderstedt 2"]
[PlyCount "79"]
[WhiteFideId "16211294"]
[BlackFideId "16268865"]
[EventCountry "GER"]
[EventRounds "7"]
[EventType "team-swiss"]
[EventDate "2018.12.26"]

1. d4 d5 2. Nf3 Nf6 3. Nc3 Nc6 4. Bf4 Bf5 5. e3 e6 6. Bd3 Bd6 7. Bxf5 Bxf4 8.
Bd3 Bd6 9. Bb5 O-O 10. O-O a6 11. Bd3 Nd7 12. Qe2 e5 13. dxe5 Ndxe5 14. Nxd5
Nxf3+ 15. Qxf3 Qh4 16. h3 Ne5 17. Qf5 Nxd3 18. Qxd3 Rad8 19. Qf5 Qc4 20. Rfd1
Qe2 21. Nc3 Qc4 22. e4 Rde8 23. Qd5 Qb4 24. Rab1 Re5 25. Qd4 Qa5 26. a3 Rh5 27.
Qe3 Qe5 28. f4 Qf6 29. Qf3 Qh4 30. e5 Bc5+ 31. Kh1 Bf2 32. Rf1 Bg1 33. Kxg1 Re8
34. Rbd1 g5 35. fxg5 Rxg5 36. Qxf7+ Kh8 37. Qxe8+ Kg7 38. Rd7+ Kh6 39. Qe6+ Kh5
40. Rxh7# 1-0

[Event "DVM U14w 2018"]
[Site "Neumünster GER"]
[Date "2018.12.28"]
[Round "4"]
[White "Reuter, Elisa"]
[Black "Brunner, Sophia"]
[Result "1/2-1/2"]
[Termination "normal"]
[Board "1.1"]
[WhiteElo "1839"]
[BlackElo "1755"]
[WhiteClock "00:34:11"]
[BlackClock "00:06:30"]
[WhiteTeam "SG Leipzig"]
[BlackTeam "SC Papenburg"]
[PlyCount "66"]
[WhiteFideId "12995444"]
[BlackFideId "12960683"]
[EventCountry "GER"]
[EventRounds "7"]
[EventType "team-swiss"]
[EventDate "2018.12.26"]

1. e4 {[%clk 01:30:59]} e6 {[%clk 01:30:55]} 2. d4 {[%clk 01:31:24]} d5 {[%clk
01:31:19]} 3. Nc3 {[%clk 01:31:50]} Bb4 {[%clk 01:31:42]} 4. e5 {[%clk
01:32:15]} c5 {[%clk 01:32:04]} 5. a3 {[%clk 01:32:41]} Bxc3+ {[%clk 01:32:23]}
6. bxc3 {[%clk 01:33:05]} Qa5 {[%clk 01:32:47]} 7. Bd2 {[%clk 01:33:20]} Qa4
{[%clk 01:33:08]} 8. Qg4 {[%clk 01:26:42]} Kf8 {[%clk 01:33:26]} 9. c4 {[%clk
01:22:18]} Ne7 {[%clk 01:21:55]} 10. c3 {[%clk 01:11:36]} Nbc6 {[%clk
01:11:50]} 11. Qd1 {[%clk 01:04:36]} Qxd1+ {[%clk 01:11:17]} 12. Rxd1 {[%clk
01:04:40]} cxd4 {[%clk 01:07:39]} 13. Nf3 {[%clk 01:02:45]} dxc3 {[%clk
01:07:45]} 14. Bxc3 {[%clk 01:03:10]} g6 {[%clk 01:04:57]} 15. Nd4 {[%clk
01:00:31]} Nxd4 {[%clk 00:54:46]} 16. Bxd4 {[%clk 01:00:48]} dxc4 {[%clk
00:51:45]} 17. Bc5 {[%clk 01:00:57]} Ke8 {[%clk 00:51:42]} 18. Bxc4 {[%clk
01:00:29]} Bd7 {[%clk 00:51:46]} 19. Bb3 {[%clk 00:58:29]} Bc6 {[%clk
00:50:18]} 20. O-O {[%clk 00:58:45]} Nd5 {[%clk 00:49:10]} 21. Bxd5 {[%clk
00:58:32]} Bxd5 {[%clk 00:49:30]} 22. Rc1 {[%clk 00:58:41]} Kd7 {[%clk
00:49:30]} 23. Rb1 {[%clk 00:54:38]} Rhc8 {[%clk 00:43:16]} 24. Bd6 {[%clk
00:52:50]} Rc4 {[%clk 00:39:14]} 25. Rfd1 {[%clk 00:47:48]} Rac8 {[%clk
00:34:59]} 26. h3 {[%clk 00:47:25]} b6 {[%clk 00:24:45]} 27. Ra1 {[%clk
00:35:04]} Re4 {[%clk 00:08:53]} 28. Re1 {[%clk 00:34:27]} Rxe1+ {[%clk
00:08:09]} 29. Rxe1 {[%clk 00:34:51]} Rc4 {[%clk 00:08:01]} 30. Re3 {[%clk
00:34:10]} Re4 {[%clk 00:05:18]} 31. Rc3 {[%clk 00:34:33]} Rc4 {[%clk
00:05:40]} 32. Re3 {[%clk 00:34:53]} Re4 {[%clk 00:06:06]} 33. Rc3 {[%clk
00:34:11]} Rc4 {[%clk 00:06:30]} 1/2-1/2

[Event "DVM U14w 2018"]
[Site "Neumünster GER"]
[Date "2018.12.28"]
[Round "4"]
[White "Roncea, Andreea-Alexandra"]
[Black "Oswald, Hannah"]
[Result "1/2-1/2"]
[Termination "normal"]
[Board "1.2"]
[WhiteElo "1511"]
[BlackElo "1613"]
[WhiteClock "00:08:28"]
[BlackClock "00:04:01"]
[WhiteTeam "SC Papenburg"]
[BlackTeam "SG Leipzig"]
[PlyCount "65"]
[WhiteFideId "16233115"]
[BlackFideId "16214960"]
[EventCountry "GER"]
[EventRounds "7"]
[EventType "team-swiss"]
[EventDate "2018.12.26"]

1. e4 {[%clk 01:30:59]} e5 {[%clk 01:30:54]} 2. Nf3 {[%clk 01:31:17]} Nc6
{[%clk 01:31:15]} 3. Bc4 {[%clk 01:31:41]} Bc5 {[%clk 01:31:34]} 4. d3 {[%clk
01:32:01]} Nf6 {[%clk 01:31:40]} 5. Bb3 {[%clk 01:32:04]} a6 {[%clk 01:31:32]}
6. c3 {[%clk 01:31:31]} d6 {[%clk 01:30:50]} 7. O-O {[%clk 01:31:40]} O-O
{[%clk 01:31:10]} 8. Nbd2 {[%clk 01:31:34]} Ba7 {[%clk 01:31:13]} 9. h3 {[%clk
01:31:09]} Ne7 {[%clk 01:29:48]} 10. Re1 {[%clk 01:30:47]} Ng6 {[%clk
01:29:34]} 11. Nf1 {[%clk 01:30:50]} Be6 {[%clk 01:28:48]} 12. Bc2 {[%clk
01:29:38]} Qd7 {[%clk 01:18:07]} 13. Ng3 {[%clk 01:28:07]} c6 {[%clk 01:01:53]}
14. d4 {[%clk 01:25:21]} exd4 {[%clk 00:49:52]} 15. cxd4 {[%clk 01:24:49]} d5
{[%clk 00:46:08]} 16. e5 {[%clk 01:24:08]} Ne8 {[%clk 00:46:14]} 17. b3 {[%clk
01:17:30]} Nc7 {[%clk 00:45:40]} 18. Ba3 {[%clk 01:14:24]} Rfe8 19. Rc1 {[%clk
00:58:04]} Nb5 {[%clk 00:38:53]} 20. Bb2 {[%clk 00:56:20]} Rad8 {[%clk
00:32:55]} 21. Nh2 {[%clk 00:50:47]} Rf8 {[%clk 00:27:43]} 22. Qd2 {[%clk
00:47:07]} Qe7 {[%clk 00:17:46]} 23. a4 {[%clk 00:42:47]} Nc7 {[%clk 00:17:47]}
24. Rf1 {[%clk 00:36:40]} Rc8 {[%clk 00:13:46]} 25. f4 {[%clk 00:31:03]} Bd7
{[%clk 00:11:23]} 26. Kh1 {[%clk 00:29:26]} f5 {[%clk 00:10:07]} 27. Nf3 {[%clk
00:24:49]} h6 {[%clk 00:07:33]} 28. Bb1 {[%clk 00:20:27]} Qf7 {[%clk 00:06:02]}
29. Ne1 {[%clk 00:14:18]} Be6 {[%clk 00:05:33]} 30. Nd3 {[%clk 00:13:56]} Rfd8
{[%clk 00:04:05]} 31. Nc5 {[%clk 00:12:06]} Bxc5 {[%clk 00:04:14]} 32. Rxc5
{[%clk 00:11:44]} Ne8 {[%clk 00:04:01]} 33. Rfc1 {[%clk 00:08:28]} 1/2-1/2

[Event "DVM U14w 2018"]
[Site "Neumünster GER"]
[Date "2018.12.28"]
[Round "4"]
[White "Nguyen, Jenny Ha-Linh"]
[Black "Evering, Enna"]
[Result "0-1"]
[Termination "normal"]
[Board "1.3"]
[WhiteElo "1238"]
[BlackElo "1388"]
[WhiteClock "00:46:40"]
[BlackClock "00:54:56"]
[WhiteTeam "SG Leipzig"]
[BlackTeam "SC Papenburg"]
[PlyCount "50"]
[WhiteFideId "16209729"]
[BlackFideId "16218213"]
[EventCountry "GER"]
[EventRounds "7"]
[EventType "team-swiss"]
[EventDate "2018.12.26"]

1. e4 {[%clk 01:30:58]} e5 {[%clk 01:30:43]} 2. Nf3 {[%clk 01:31:19]} Nc6
{[%clk 01:30:11]} 3. Bc4 {[%clk 01:30:53]} Nf6 {[%clk 01:30:09]} 4. d3 {[%clk
01:30:46]} Be7 {[%clk 01:30:06]} 5. c3 {[%clk 01:30:35]} O-O {[%clk 01:30:00]}
6. O-O {[%clk 01:30:08]} d5 {[%clk 01:29:42]} 7. exd5 {[%clk 01:29:19]} Nxd5
{[%clk 01:29:09]} 8. Re1 {[%clk 01:28:45]} Bg4 {[%clk 01:28:44]} 9. h3 {[%clk
01:28:49]} Bh5 {[%clk 01:27:44]} 10. Nbd2 {[%clk 01:24:29]} Nb6 {[%clk
01:25:30]} 11. Bb5 {[%clk 01:23:47]} f6 {[%clk 01:23:13]} 12. Ne4 {[%clk
01:20:07]} Qd5 {[%clk 01:20:04]} 13. Bxc6 {[%clk 01:14:51]} Qxc6 {[%clk
01:16:32]} 14. Be3 {[%clk 01:07:27]} f5 {[%clk 01:07:40]} 15. Bxb6 {[%clk
00:59:42]} fxe4 {[%clk 01:06:04]} 16. Rxe4 {[%clk 00:54:03]} axb6 {[%clk
01:04:16]} 17. Rxe5 {[%clk 00:52:02]} Bxf3 {[%clk 01:03:47]} 18. gxf3 {[%clk
00:51:59]} Qg6+ {[%clk 01:02:45]} 19. Kf1 {[%clk 00:49:52]} Bd6 {[%clk
01:02:48]} 20. Re3 {[%clk 00:50:00]} Rae8 {[%clk 01:02:57]} 21. Qe2 {[%clk
00:49:05]} Bh2 {[%clk 00:58:03]} 22. Ke1 {[%clk 00:48:47]} Qg1+ {[%clk
00:56:06]} 23. Qf1 {[%clk 00:48:11]} Rxe3+ {[%clk 00:55:49]} 24. fxe3 {[%clk
00:47:31]} Qxe3+ {[%clk 00:55:42]} 25. Qe2 {[%clk 00:46:40]} Qg1+ {[%clk
00:54:56]} 0-1